Language Quiz

Random Language or Letter Quiz

Word Hourglass Quiz Stats

 Plays Quiz Updated Aug 11, 2014

     
Support Sporcle.
Go Orange.
Score 0/11 Timer 02:00
0 Plays Today
Clues Words % Correct
Yes, in Spanish
97.2%
First person nominative pronounI
96.6%
Princess who was married to CharlesDI
95.1%
A cover to a canLID
93.4%
Like someone from WarsawPOLISH
91.2%
Surrealist SalvadorDALÍ
88.4%
Go bad, like foodSPOIL
86.7%
Pitchfork-shaped Greek letterPSI
79.3%
Problem speaking sibilant lettersLISP
78.5%
Relating to oceanic rising and fallingTIDAL
71.9%
A specific small element of a designDETAIL
61.1%

From the Vault

Building Bridges VI

by jyrops

But breaking things is just so much more fun.
Remove Ads.
Support Sporcle.
Get the best of Sporcle when you Go Orange. This ad-free experience offers more features, more stats, and more fun while also helping to support Sporcle. Thank you for becoming a member.

Show Comments

Extras

Top Quizzes Today


Score Distribution

Your Account Isn't Verified!

In order to create a playlist on Sporcle, you need to verify the email address you used during registration. Go to your Sporcle Settings to finish the process.

Report this User

Report this user for behavior that violates our Community Guidelines.

Details: